Pokroky ve výrobě a použití smaltů

Bibliographic Details
Main Author: Sochor, Břetislav (Author)
Format: Article
Language:Czech

MARC

LEADER 00000nab a2200000uu 4500
001 vtls011464522
003 SK-MaSNL
005 20260303154725.0
008 230222|1955 xo |||||||||||||||||cze|
015 |a SNBRB 
035 |a (urnnbn)urn:nbn:sk:snk:ar-a0avkc 
035 |a (uuid)15e3c0b3-8435-4ad9-9aa1-bf94fcd0eb8c 
035 |a urn:nbn:sk:snk-abcxht 
040 |a SNKBUCL  |b slo  |c SNKBUCL  |e AACR2 
041 0 |a cze 
044 |a xo  |c SK 
100 1 |a Sochor, Břetislav  |4 aut  |9 1177682 
245 1 0 |a Pokroky ve výrobě a použití smaltů  |c Břetislav Sochor 
773 0 |t Technická práca : časopis Ústřední rady Čs. vědecko-technické společnosti  |g Roč. 7, č. 2 (1955), s. 59-62 
958 |a OND 
958 |a EUIPO 
958 |a article16 
999 |c 2036070  |d 2038000